000 00616nam a22001697a 4500
005 20170516115019.0
010 _aENG-118162
020 _a9789381345191
_c895.00
035 _aEN-101694
037 _bDBAD/PUB
082 _a305.420954
245 _aFeminist and science
_bCritiques and changing perspectives in india /
_cEdited by Sumi Krishna And Perspective In India
260 _aTamilnadu
_bSAGE Publications India
_c2017
270 _aB1/ I1 Mohan Cooperative Industrial Area Mathura Road, New Delhi-110044
300 _a(V.2) xliii, 329p
_c22cm.(pbk)
942 _2ddc
_cEN
_h305.420954
_mFEM
999 _c139928
_d139928